| 000 | 00591nam a22001817a 4500 | ||
|---|---|---|---|
| 003 | OSt | ||
| 005 | 20251029041254.0 | ||
| 008 | 251029b |||||||| |||| 00| 0 eng d | ||
| 020 | _a1-56549-120-3. | ||
| 040 |
_aDWCL-Main lib _cOC |
||
| 082 | _aCirc. 338.9 N532 2000 | ||
| 245 |
_aNew roles and relevance : _bdevelopment NGO's and the challenge of change |
||
| 260 |
_aUSA : _bKumarian Press, Inc., _cc2000. |
||
| 300 |
_axvii, 252 pages ; _c23 cm. |
||
| 504 | _aIncludes bibliographical references and index. | ||
| 650 | _21. Non-governmental organizations. | ||
| 942 |
_2ddc _cBK-CIRC _kCirc. _n0 |
||
| 999 |
_c5287 _d5287 |
||